Greek Gods by Children - Statistics

General Stats
  • This quiz has been taken 265 times
  • The average score is 10 of 15
Answer Stats
Hint Answer % Correct
Heracles, Athena, Ares Zeus
100%
Hebe, Hephaestus, Eris Hera
91%
Eros, Aeneas, Harmonia Aphrodite
90%
Asclepius, Hector, Orpheus Apollo
87%
Theseus, Pegasus, Bellerophon Poseidon
87%
Hippolyta, Phobos, Deimos Ares
85%
Persephone, Plutus, Despoina Demeter
85%
Macaria, Zagreus*, Melinoë* Hades
79%
Pan, Hermaphroditus, Myrtilus Hermes
78%
Priapus, Deianira, Comus Dionysus
55%
Thalia, Erichthonius, Eucleia Hephaestus
48%
Phaethon, Actis, Pasiphaë Helios
32%
Hedone Eros
28%
Chione, Butes, Zetes Boreas
20%
Zephyrus, Memnon, Astraea Eos
15%
No matching quizzes found
Score Distribution
Percent of People with Each Score
Percentile by Number Answered
Your Score History
You have not taken this quiz